[Event "World Amateur-ch U2000"]
[Site "Cagliari"]
[Date "2018.04.28"]
[Round "8"]
[White "Nessi, Davide"]
[Black "Zakharova, Diana"]
[Result "0-1"]
[WhiteElo "1705"]
[BlackElo "1925"]
[PlyCount "46"]
[EventDate "2018.04.22"]
[EventType "swiss"]
[EventRounds "9"]
[EventCountry "ITA"]
[SourceTitle "CBM 184 Extra"]
[Source "ChessBase"]
[SourceDate "2018.06.28"]
[SourceVersion "1"]
[SourceVersionDate "2018.06.28"]
[SourceQuality "1"]

1. e4 c5 2. Nf3 Nc6 3. d4 cxd4 4. Nxd4 Qb6 5. Nb3 Nf6 6. Bd3 e6 7. 0-0 d5 8. Nc3 dxe4 9. Nxe4 Nxe4 10. Bxe4 Qc7 11. Be3 Bd6 12. g3 h5 13. h4 Bxg3 14. Bg5 Bf4 15. Bxc6+ bxc6 16. Qd4 Bxg5 17. Qxg7 Bf6 18. Qxf6 Rg8+ 19. Kh1 c5 20. Rg1 Bb7+ 21. f3 Rg3 22. Rxg3 Qxg3 23. Nd2 Rd8 0-1

[Event "World Amateur-ch U2000"]
[Site "Cagliari"]
[Date "2018.04.27"]
[Round "7"]
[White "Zakharova, Diana"]
[Black "Scarpa, Claudia"]
[Result "1-0"]
[WhiteElo "1925"]
[BlackElo "1743"]
[PlyCount "33"]
[EventDate "2018.04.22"]
[EventType "swiss"]
[EventRounds "9"]
[EventCountry "ITA"]
[SourceTitle "CBM 184 Extra"]
[Source "ChessBase"]
[SourceDate "2018.06.28"]
[SourceVersion "1"]
[SourceVersionDate "2018.06.28"]
[SourceQuality "1"]

1. d4 f5 2. Bf4 Nf6 3. Nf3 e6 4. e3 d5 5. h3 Be7 6. Be2 Nbd7 7. Nbd2 b6 8. Bb5 a6 9. Bc6 Rb8 10. Ng5 Bd6 11. Bxd6 cxd6 12. Nxe6 Qe7 13. Nc7+ Kf8 14. Nxd5 Qe6 15. Nf4 Qe7 16. Qf3 b5 17. g4 1-0

[Event "World Amateur-ch U2000"]
[Site "Cagliari"]
[Date "2018.04.25"]
[Round "5"]
[White "Zakharova, Diana"]
[Black "Kurzok, Zenon"]
[Result "1/2-1/2"]
[WhiteElo "1925"]
[BlackElo "1738"]
[PlyCount "28"]
[EventDate "2018.04.22"]
[EventType "swiss"]
[EventRounds "9"]
[EventCountry "ITA"]
[SourceTitle "CBM 184 Extra"]
[Source "ChessBase"]
[SourceDate "2018.06.28"]
[SourceVersion "1"]
[SourceVersionDate "2018.06.28"]
[SourceQuality "1"]

1. d4 c5 2. c3 e6 3. Bf4 d5 4. e3 Nf6 5. Nd2 Nc6 6. Ngf3 cxd4 7. exd4 Bd6 8. Bg3 Qc7 9. Bd3 0-0 10. Qe2 Re8 11. Ne5 Bxe5 12. dxe5 Nd7 13. f4 Nc5 14. Bb1 b6 1/2-1/2

[Event "World Amateur-ch U2000"]
[Site "Cagliari"]
[Date "2018.04.23"]
[Round "2"]
[White "Onnis, Luca"]
[Black "Zakharova, Diana"]
[Result "1/2-1/2"]
[WhiteElo "1790"]
[BlackElo "1925"]
[PlyCount "63"]
[EventDate "2018.04.22"]
[EventType "swiss"]
[EventRounds "9"]
[EventCountry "ITA"]
[SourceTitle "CBM 184 Extra"]
[Source "ChessBase"]
[SourceDate "2018.06.28"]
[SourceVersion "1"]
[SourceVersionDate "2018.06.28"]
[SourceQuality "1"]

1. e4 c5 2. Nf3 Nc6 3. d4 cxd4 4. Nxd4 Qb6 5. Nb3 Nf6 6. Nc3 e6 7. Be3 Qc7 8. a3 Be7 9. f4 d6 10. Be2 b6 11. Bf3 Bb7 12. Qe2 h6 13. h3 g6 14. g4 0-0-0 15. 0-0-0 Nd7 16. Nb5 Qb8 17. Qc4 Nc5 18. Nxc5 dxc5 19. e5 Na5 20. Bxb7+ Qxb7 21. Qe2 Kb8 22. Bd2 Nc6 23. Bc3 Nd4 24. Bxd4 cxd4 25. Rhf1 Bc5 26. b4 a6 27. bxc5 axb5 28. Qxb5 Rd5 29. Qxb6 Qxb6 30. cxb6 Kb7 31. Rf3 Kxb6 32. Rfd3 1/2-1/2

[Event "Albena op"]
[Site "Albena"]
[Date "2017.06.24"]
[Round "8"]
[White "Zakharova, Diana"]
[Black "Dudkin, Maxim"]
[Result "1-0"]
[WhiteElo "1858"]
[BlackElo "2100"]
[PlyCount "91"]
[EventDate "2017.06.17"]
[EventType "swiss"]
[EventRounds "9"]
[EventCountry "BUL"]
[SourceTitle "CBM 179 Extra"]
[Source "ChessBase"]
[SourceDate "2017.08.23"]
[SourceVersion "1"]
[SourceVersionDate "2017.08.23"]
[SourceQuality "1"]

1. e4 c6 2. d3 d5 3. Nd2 e5 4. g3 Nf6 5. Bg2 Bd6 6. Ngf3 0-0 7. 0-0 Qc7 8. Re1 Re8 9. d4 Bg4 10. dxe5 Rxe5 11. exd5 Rxe1+ 12. Qxe1 cxd5 13. c3 Nc6 14. Nb3 Re8 15. Be3 Qc8 16. Qd2 Qf5 17. Nfd4 Qh5 18. f3 Bc8 19. Nxc6 bxc6 20. Bxa7 Qf5 21. Bf2 h5 22. Re1 Rd8 23. Nd4 Qd7 24. Nb3 h4 25. gxh4 Qc7 26. h3 Nh5 27. Qe2 Bh2+ 28. Kh1 Ng3+ 29. Bxg3 Bxg3 30. Qe7 Bd7 31. Rf1 Bd6 32. Qe2 Re8 33. Qd1 Bg3 34. Nd4 Qf4 35. Ne2 Qxh4 36. Nxg3 Qxg3 37. Qd2 Bxh3 38. Bxh3 Qxh3+ 39. Kg1 Re6 40. Rf2 Qg3+ 41. Kf1 Qh3+ 42. Kg1 Rh6 43. Rg2 Qxf3 44. Qxh6 Qxg2+ 45. Kxg2 gxh6 46. a4 1-0

[Event "Moscow op-B (Women) 13th"]
[Site "Moscow"]
[Date "2017.02.04"]
[Round "8"]
[White "Tolstykh, Arina"]
[Black "Zakharova, Diana"]
[Result "1/2-1/2"]
[WhiteElo "1407"]
[BlackElo "1759"]
[PlyCount "77"]
[EventDate "2017.01.28"]
[EventType "swiss"]
[EventRounds "9"]
[EventCountry "RUS"]
[SourceTitle "EXT 2018"]
[Source "ChessBase"]
[SourceDate "2017.10.13"]
[SourceVersion "1"]
[SourceVersionDate "2017.10.13"]
[SourceQuality "1"]

1. d4 d5 2. c4 c6 3. Nc3 Nf6 4. Nf3 a6 5. Bg5 Ne4 6. Nxe4 dxe4 7. Nd2 Qxd4 8. Qc2 Bf5 9. e3 Qe5 10. Bf4 Qa5 11. a3 e5 12. Bg3 Nd7 13. 0-0-0 Bg6 14. Nxe4 Nc5 15. Bd3 Nxd3+ 16. Qxd3 Rd8 17. Qxd8+ Qxd8 18. Rxd8+ Kxd8 19. Rd1+ Kc8 20. Ng5 Be7 21. Nf3 f6 22. Nh4 Bh5 23. Rd2 Rd8 24. Nf5 Bf8 25. e4 Bg6 26. f4 Rxd2 27. Kxd2 Bxf5 28. exf5 exf4 29. Bxf4 Kd7 30. Kd3 Bd6 31. Bxd6 Kxd6 32. Kd4 b6 33. a4 a5 34. b3 c5+ 35. Ke4 g6 36. h4 g5 37. h5 h6 38. g4 Kc6 39. Ke3 1/2-1/2

[Event "Moscow op-B (Women) 13th"]
[Site "Moscow"]
[Date "2017.02.03"]
[Round "7"]
[White "Zakharova, Diana"]
[Black "Chemborisova, Elina"]
[Result "0-1"]
[WhiteElo "1759"]
[BlackElo "1834"]
[PlyCount "74"]
[EventDate "2017.01.28"]
[EventType "swiss"]
[EventRounds "9"]
[EventCountry "RUS"]
[SourceTitle "EXT 2018"]
[Source "ChessBase"]
[SourceDate "2017.10.13"]
[SourceVersion "1"]
[SourceVersionDate "2017.10.13"]
[SourceQuality "1"]

1. e4 g6 2. d4 Bg7 3. Nc3 d6 4. Bg5 h6 5. Bh4 a6 6. f4 b5 7. Be2 c5 8. dxc5 Bxc3+ 9. bxc3 dxc5 10. Qxd8+ Kxd8 11. Rd1+ Kc7 12. e5 Nc6 13. Nf3 h5 14. Bf2 c4 15. Nd4 Bb7 16. 0-0 Nh6 17. h3 Nxd4 18. cxd4 Bd5 19. c3 Rhd8 20. Rb1 Kc6 21. Be1 Rab8 22. Rb2 Nf5 23. Bf2 e6 24. Rfb1 Be4 25. Rd1 Bd5 26. Bf1 Rh8 27. g3 Ne7 28. Bg2 Bxg2 29. Kxg2 Nd5 30. Rc1 h4 31. Rbc2 hxg3 32. Kxg3 Rh5 33. Be1 Ne3 34. Re2 Nf5+ 35. Kg4 Rbh8 36. Bd2 Rxh3 37. Rg1 R8h5 0-1

[Event "Nebug op"]
[Site "Nebug"]
[Date "2016.03.22"]
[Round "2.1"]
[White "Zakharova, Diana"]
[Black "Belkina, Kristina"]
[Result "1/2-1/2"]
[WhiteElo "1535"]
[BlackElo "1598"]
[PlyCount "119"]
[EventDate "2016.03.22"]
[EventType "tourn"]
[EventRounds "9"]
[EventCountry "RUS"]
[SourceTitle "EXT 2022"]
[Source "ChessBase"]
[SourceDate "2021.10.06"]
[SourceVersion "1"]
[SourceVersionDate "2021.10.06"]
[SourceQuality "1"]

1. e4 d5 2. exd5 Qxd5 3. Nc3 Qd6 4. Nf3 Nf6 5. d3 Bf5 6. Be2 c6 7. h3 e6 8. Be3 Nbd7 9. Qc1 Qc7 10. Nh4 Bg6 11. Nxg6 hxg6 12. Qd2 Bd6 13. Ne4 Nxe4 14. dxe4 Nf6 15. Bd3 0-0-0 16. 0-0-0 Be5 17. Qb4 Kb8 18. Kb1 Rd7 19. Qc5 b6 20. Qc4 Rhd8 21. Be2 b5 22. Qb4 a5 23. Rxd7 Rxd7 24. Qf8+ Rd8 25. Qc5 Nxe4 26. Qb6+ Qxb6 27. Bxb6 Bc7 28. Be3 Kb7 29. Bd3 Nf6 30. Bg5 Rd5 31. Bxf6 gxf6 32. Rf1 f5 33. f3 Kb6 34. Kc1 c5 35. Rd1 Bf4+ 36. Kb1 c4 37. Be2 Rxd1+ 38. Bxd1 Kc5 39. c3 e5 40. Kc2 e4 41. Be2 a4 42. a3 Kd5 43. Kd1 Ke5 44. g4 Bg5 45. gxf5 Kxf5 46. fxe4+ Kxe4 47. b3 axb3 48. a4 bxa4 49. Bxc4 b2 50. Kc2 a3 51. Bxf7 Kf5 52. Ba2 Be7 53. Bg8 Bg5 54. Ba2 Bc1 55. Bb1 Kg5 56. Kb3 Kh5 57. c4 g5 58. Ka2 g4 59. hxg4+ Kxg4 60. Kxa3 1/2-1/2

[Event "Moscow op-B (Women)"]
[Site "Moscow"]
[Date "2016.02.07"]
[Round "9"]
[White "Zakharova, Diana"]
[Black "Mirzaeva, Gulnara"]
[Result "0-1"]
[WhiteElo "1531"]
[BlackElo "1901"]
[PlyCount "90"]
[EventDate "2016.01.30"]
[EventType "swiss"]
[EventRounds "9"]
[EventCountry "RUS"]
[SourceTitle "CBM 170 Extra"]
[Source "ChessBase"]
[SourceDate "2016.02.25"]
[SourceVersion "1"]
[SourceVersionDate "2016.02.25"]
[SourceQuality "1"]

1. e4 c5 2. Nc3 Nc6 3. g3 d6 4. Bg2 g6 5. d3 Bg7 6. f4 e6 7. Nf3 Nge7 8. 0-0 0-0 9. Be3 Nd4 10. e5 Nef5 11. Bf2 Qb6 12. Rb1 Bd7 13. Ne4 d5 14. Nf6+ Bxf6 15. exf6 Qc7 16. Ne5 Rfc8 17. c3 Nc6 18. Nxd7 Qxd7 19. Bxc5 d4 20. Qe2 Ne3 21. Bxc6 Rxc6 22. Bxd4 Nxf1 23. Qxf1 Kh8 24. Re1 Rd6 25. Re4 Qb5 26. Qe2 a6 27. Re5 Rd5 28. Rxd5 Qxd5 29. a3 Rd8 30. Qg2 Qb5 31. Qe2 Qd5 32. Qg2 Qb3 33. Qe2 b5 34. Kf2 a5 35. Ke3 b4 36. axb4 axb4 37. Qg2 bxc3 38. bxc3 Qd1 39. Qe2 Qh1 40. h4 Rb8 41. Qa2 Rb1 42. Be5 Qg1+ 43. Kf3 Rf1+ 44. Kg4 h5+ 45. Kg5 Kh7 0-1

[Event "Moscow op-B (Women)"]
[Site "Moscow"]
[Date "2016.01.31"]
[Round "2"]
[White "Mamontova, Anastasia"]
[Black "Zakharova, Diana"]
[Result "1-0"]
[WhiteElo "1975"]
[BlackElo "1531"]
[PlyCount "59"]
[EventDate "2016.01.30"]
[EventType "swiss"]
[EventRounds "9"]
[EventCountry "RUS"]
[SourceTitle "CBM 170 Extra"]
[Source "ChessBase"]
[SourceDate "2016.02.25"]
[SourceVersion "1"]
[SourceVersionDate "2016.02.25"]
[SourceQuality "1"]

1. d4 f5 2. g3 Nf6 3. Bg2 g6 4. c4 Bg7 5. Nc3 0-0 6. d5 d6 7. Nf3 e5 8. dxe6 Bxe6 9. Nd4 Bc8 10. 0-0 Na6 11. e4 fxe4 12. Nxe4 Nxe4 13. Bxe4 c6 14. h4 Qf6 15. Be3 Nc5 16. Bg2 Ne6 17. Nb3 Qxb2 18. Qxd6 Rd8 19. Qb4 Bc3 20. Qa4 Qe2 21. Rab1 Nd4 22. Rbd1 Qg4 23. Nxd4 Bxd4 24. f3 Bxe3+ 25. Kh2 Qf5 26. Rxd8+ Kg7 27. Re1 Qf6 28. Qd1 Bc5 29. Ree8 Be7 30. Rxc8 1-0

[Event "Paleochora op 8th"]
[Site "Paleochora"]
[Date "2015.07.17"]
[Round "1"]
[White "Markidis, Konstantinos"]
[Black "Zakharova, Diana"]
[Result "1-0"]
[WhiteElo "2378"]
[BlackElo "1614"]
[PlyCount "47"]
[EventDate "2015.07.17"]
[EventType "swiss"]
[EventRounds "9"]
[EventCountry "GRE"]
[SourceTitle "CBM 167 Extra"]
[Source "ChessBase"]
[SourceDate "2015.09.14"]
[SourceVersion "1"]
[SourceVersionDate "2015.09.14"]
[SourceQuality "1"]

1. e4 c5 2. Nf3 Nc6 3. Bb5 Qb6 4. Nc3 e6 5. Bxc6 Qxc6 6. d4 cxd4 7. Nxd4 Qc7 8. 0-0 Nf6 9. Re1 d6 10. Bf4 e5 11. Ndb5 Qb8 12. Bg5 a6 13. Bxf6 gxf6 14. Na3 b5 15. Nd5 f5 16. Nf6+ Ke7 17. Nd5+ Ke8 18. c4 f4 19. cxb5 axb5 20. Rc1 Ra7 21. Nxb5 Qxb5 22. Rxc8+ Kd7 23. Qg4+ f5 24. Qxf5# 1-0

[Event "Zhukovsky op"]
[Site "Zhukovsky"]
[Date "2014.??.??"]
[Round "8"]
[White "Dolgova, Tamara"]
[Black "Zakharova, Diana"]
[Result "1-0"]
[WhiteElo "1841"]
[BlackElo "1592"]
[PlyCount "129"]
[EventDate "2014.08.08"]
[EventType "swiss"]
[EventRounds "9"]
[EventCountry "RUS"]
[SourceTitle "CBM 162 Extra"]
[Source "ChessBase"]
[SourceDate "2014.10.17"]
[SourceVersion "1"]
[SourceVersionDate "2014.10.17"]
[SourceQuality "1"]

1. e4 c5 2. d4 cxd4 3. c3 dxc3 4. Nxc3 Nc6 5. Nf3 d6 6. Bc4 g6 7. 0-0 Bg7 8. Qb3 e6 9. Bg5 Nge7 10. Rfd1 0-0 11. Nb5 Na5 12. Qc2 Nxc4 13. Qxc4 d5 14. exd5 exd5 15. Qc5 f6 16. Bf4 b6 17. Qa3 Bb7 18. Nc7 Nf5 19. Ne6 Qd7 20. Nxf8 Bxf8 21. Qd3 Qa4 22. Be3 Nxe3 23. Qxe3 Re8 24. Qb3 Qxb3 25. axb3 a6 26. Re1 Rxe1+ 27. Rxe1 Kf7 28. Rc1 Bd6 29. g3 Ke7 30. Ne1 Kd7 31. Kf1 Be5 32. Nd3 Bd6 33. Ke2 a5 34. Ke3 Kd8 35. Kd4 g5 36. h4 gxh4 37. gxh4 Ke8 38. Rg1 Kf7 39. h5 Bf8 40. f4 Ba6 41. Rc1 Bxd3 42. Kxd3 Bc5 43. f5 Kg7 44. Rd1 Kh6 45. Ke2 d4 46. Kf3 Kg5 47. Ke4 Kxh5 48. Rh1+ Kg5 49. Rxh7 d3 50. Rg7+ Kh6 51. Rd7 Kg5 52. Rxd3 Kh6 53. Rg3 Kh7 54. Rg6 Be7 55. Kd5 Bc5 56. Ke6 Bd4 57. Rxf6 Bxb2 58. Rg6 b5 59. Rg2 Bg7 60. Kf7 Bh6 61. Ra2 a4 62. bxa4 bxa4 63. Rxa4 Bg7 64. f6 Bxf6 65. Kxf6 1-0

[Event "Zhukovsky op"]
[Site "Zhukovsky"]
[Date "2014.??.??"]
[Round "1"]
[White "Zakharova, Diana"]
[Black "Slesarev, I."]
[Result "0-1"]
[WhiteElo "1592"]
[BlackElo "2008"]
[PlyCount "80"]
[EventDate "2014.08.08"]
[EventType "swiss"]
[EventRounds "9"]
[EventCountry "RUS"]
[SourceTitle "CBM 162 Extra"]
[Source "ChessBase"]
[SourceDate "2014.10.17"]
[SourceVersion "1"]
[SourceVersionDate "2014.10.17"]
[SourceQuality "1"]

1. e4 c5 2. Nc3 d6 3. g3 Nf6 4. Bg2 Nc6 5. f4 g6 6. d3 Bg7 7. Nf3 0-0 8. 0-0 Nd7 9. f5 Nde5 10. Nxe5 Nxe5 11. g4 e6 12. Be3 Bd7 13. h3 Bc6 14. Qd2 Qe7 15. Bg5 f6 16. Bh6 g5 17. Bxg7 Kxg7 18. fxe6 Qxe6 19. Qf2 Rf7 20. Nd5 h5 21. gxh5 Rh8 22. Ne3 Rxh5 23. Qg3 Kf8 24. Rf5 Ng6 25. Bf3 Rh4 26. Bg4 Qe7 27. Nd5 Qd8 28. Raf1 Kg7 29. Qf2 Bxd5 30. exd5 Ne5 31. Qg3 Qh8 32. Kg2 Qd8 33. R5f2 Nxg4 34. hxg4 Qe7 35. Rh1 Rxh1 36. Kxh1 Kg6 37. Rf5 Qe2 38. Rf2 Rh7+ 39. Kg1 Qe1+ 40. Kg2 Qh1# 0-1